[Event "Corsican Circuit Final 2014"]
[Site "Bastia FRA"]
[Date "2014.10.20"]
[Round "2.1"]
[White "Fedorchuk, Sergey A."]
[Black "Balogh, Csaba"]
[Result "1/2-1/2"]
[WhiteTitle "GM"]
[BlackTitle "GM"]
[WhiteElo "2673"]
[BlackElo "2660"]
[WhiteFideId "14102536"]
[BlackFideId "718939"]
[EventDate "2014.10.19"]

1. e4 e5 2. Nf3 Nc6 3. Bb5 Nf6 4. d3 Bc5 5. O-O Nd4 6. Nxd4 Bxd4 7. Nd2 O-O 8.
c3 Bb6 9. Nc4 d5 10. Nxb6 axb6 11. exd5 Qxd5 12. Bc4 Qd6 13. Qf3 Bg4 14. Qg3 Bf5
15. d4 exd4 16. Qxd6 cxd6 17. cxd4 Rfc8 18. Bb3 Bc2 19. Bf4 Bxb3 20. axb3 Ne8
21. Rxa8 Rxa8 22. Rc1 f5 23. Kf1 Kf7 24. Ke2 Ke6 25. Kd3 Kd7 26. h3 Nc7 27. g4
Nd5 28. Be3 Rf8 29. Rg1 g6 30. Bh6 Rf7 31. Be3 b5 32. Ra1 Rf8 33. Bh6 Rf7 34.
Be3 Rf8 35. Bh6 Rf7 36. Be3 1/2-1/2

[Event "Corsican Circuit Final 2014"]
[Site "Bastia FRA"]
[Date "2014.10.20"]
[Round "2.1"]
[White "Hou, Yifan"]
[Black "Kravtsiv, Martyn"]
[Result "0-1"]
[WhiteTitle "GM"]
[BlackTitle "GM"]
[WhiteElo "2673"]
[BlackElo "2563"]
[WhiteFideId "8602980"]
[BlackFideId "14113147"]
[EventDate "2014.10.19"]

1. c4 e6 2. g3 Nf6 3. Bg2 d5 4. Nf3 Be7 5. d4 O-O 6. Nc3 c6 7. O-O Nbd7 8. b3 b6
9. Qd3 Bb7 10. Rd1 Rc8 11. Bb2 dxc4 12. bxc4 c5 13. d5 exd5 14. cxd5 Re8 15. e4
c4 16. Qc2 Bb4 17. Rd4 Bc5 18. Rd2 Bb4 19. Rd4 Bc5 20. Rdd1 Ng4 21. Nd4 Nge5 22.
Na4 Bf8 23. f4 Nd3 24. e5 N7c5 25. Nc3 b5 26. d6 Bxg2 27. Qxg2 b4 28. Nd5 c3 29.
Bc1 a5 30. Qf3 Nxc1 31. Raxc1 Qd7 32. Nb6 Qa7 33. Nxc8 Rxc8 34. Kg2 Qd7 35. Qd5
a4 36. f5 Na6 37. e6 fxe6 38. Nxe6 Kh8 39. Ng5 h6 40. Nf7+ Kh7 41. Ne5 Qxf5 42.
d7 Rd8 43. Rf1 Qg5 44. Qe4+ Kg8 45. Qd5+ Kh7 46. Qd3+ Kg8 47. Nf7 Nc5 48. Qc4
Qd2+ 49. Rf2 Qd3 50. Nxh6+ Kh7 51. Qg8+ Kxh6 52. Qh8+ Kg6 53. Rxf8 Qd2+ 54. Kh3
Qxd7+ 55. Kg2 Qd2+ 56. Kh3 Rxf8 57. Qxf8 Qxc1 58. Qxc5 Qf1+ 59. Kg4 Qe2+ 60. Kf4
Qd2+ 61. Kg4 Qd7+ 62. Kh4 Qf5 63. Qc6+ Qf6+ 0-1

[Event "Corsican Circuit Final 2014"]
[Site "Bastia FRA"]
[Date "2014.10.20"]
[Round "2.1"]
[White "Saric, Ivan"]
[Black "Ruck, Robert"]
[Result "1/2-1/2"]
[WhiteTitle "GM"]
[BlackTitle "GM"]
[WhiteElo "2678"]
[BlackElo "2568"]
[WhiteFideId "14508150"]
[BlackFideId "705713"]
[EventDate "2014.10.19"]

1. e4 c6 2. d4 d5 3. e5 Bf5 4. h4 Qb6 5. h5 h6 6. g4 Bd7 7. Nc3 e6 8. Na4 Qa5+
9. c3 c5 10. Nxc5 Bxc5 11. dxc5 Qxc5 12. Be3 Qc7 13. f4 Nc6 14. Nf3 f6 15. Qc2
O-O-O 16. O-O-O fxe5 17. Nxe5 Nxe5 18. fxe5 Ne7 19. Bxa7 Qa5 20. Bd4 Qxa2 21. b3
Qxc2+ 22. Kxc2 Nc6 23. Bb6 Rdf8 24. Ra1 Be8 25. Be2 Rf4 26. Rhf1 Rhf8 27. Rxf4
Rxf4 28. Ra8+ Kd7 29. Bb5 Ke7 30. Bc5+ Kf7 31. Bxc6 bxc6 32. Ra4 Rf3 33. Ra7+
Kg8 34. Ra8 Kf7 35. Ra7+ Kg8 36. Ra8 Kf7 37. Ra7+ Kg8 38. Ra8 Kf7 1/2-1/2

[Event "Corsican Circuit Final 2014"]
[Site "Bastia FRA"]
[Date "2014.10.20"]
[Round "2.2"]
[White "Tregubov, Pavel V."]
[Black "Anand, Viswanathan"]
[Result "0-1"]
[WhiteTitle "GM"]
[BlackTitle "GM"]
[WhiteElo "2607"]
[BlackElo "2785"]
[WhiteFideId "4115341"]
[BlackFideId "5000017"]
[EventDate "2014.10.19"]

1. d4 d5 2. c4 c6 3. Nf3 Nf6 4. e3 Bg4 5. h3 Bh5 6. cxd5 cxd5 7. Nc3 e6 8. g4
Bg6 9. Ne5 Nfd7 10. Nxg6 hxg6 11. Bg2 Nc6 12. O-O f5 13. Ne2 Bd6 14. Nf4 Bxf4
15. exf4 Nf6 16. Be3 Kf7 17. f3 Qd6 18. Rf2 Rac8 19. Bf1 Rc7 20. Rc1 Rhc8 21.
Rfc2 Na5 22. b3 Rxc2 23. Rxc2 Rxc2 24. Qxc2 Nc6 25. Qc5 Qc7 26. b4 Nd7 27. Qc3
Qd8 28. a4 Nb6 29. b5 Ne7 30. Qc5 Nc4 31. Bxc4 dxc4 32. Qxc4 Qa5 33. Kf2 Nd5 34.
Bc1 Qc3 35. Qxc3 Nxc3 36. Ke3 Nxa4 37. d5 exd5 38. Kd4 Ke6 39. Ba3 a6 40. bxa6
bxa6 41. Bf8 a5 42. Bxg7 Nb6 43. Kc5 Nc4 44. Bc3 a4 45. Kb4 a3 46. Kb3 Ne3 47.
Kxa3 d4 48. Bb4 Ng2 49. Bd2 Nh4 50. Kb3 Nxf3 51. Kc2 Kd5 52. gxf5 gxf5 53. Ba5
Ke4 54. Bc7 Nh4 55. Kd2 Ng6 56. Kd1 Nxf4 57. h4 Nh5 58. Ke2 f4 59. Kf2 Nf6 60.
Bd8 Ng4+ 61. Kf1 d3 62. h5 f3 63. Bg5 Ke5 0-1

[Event "Corsican Circuit Final 2014"]
[Site "Bastia FRA"]
[Date "2014.10.20"]
[Round "2.2"]
[White "Balogh, Csaba"]
[Black "Fedorchuk, Sergey A."]
[Result "1/2-1/2"]
[WhiteTitle "GM"]
[BlackTitle "GM"]
[WhiteElo "2660"]
[BlackElo "2673"]
[WhiteFideId "718939"]
[BlackFideId "14102536"]
[EventDate "2014.10.19"]

1. e4 e5 2. Nf3 Nc6 3. Bb5 Nf6 4. d3 Bc5 5. O-O Nd4 6. Nxd4 Bxd4 7. c3 Bb6 8.
Na3 c6 9. Ba4 d6 10. Bb3 Bc7 11. f4 h6 12. Qf3 Qe7 13. Nc4 Be6 14. Ne3 exf4 15.
Qxf4 d5 16. e5 Nd7 17. d4 O-O-O 18. Nf5 Qf8 19. Qg3 g6 20. Nh4 Qe7 21. Bd2 Kb8
22. Rf2 Rde8 23. Raf1 Qd8 24. Bd1 Ka8 25. Kh1 c5 26. Bg4 f5 27. Bd1 Nf6 28. Qxg6
Ne4 29. Qh5 Nxf2+ 30. Rxf2 cxd4 31. cxd4 Bb6 32. Bc3 Ba5 33. Ng6 Bf7 34. Qxf5
Bxg6 35. Qxg6 Bxc3 36. bxc3 Qc8 37. Qd3 Re7 38. Bf3 Rc7 39. Rc2 Qe6 40. h3 a6
41. Rb2 Ka7 42. Rb3 Rf8 43. Qe3 Rcf7 44. Kh2 Rc7 45. Rb2 Rg8 46. Rf2 Rd8 47. Bg4
Qc6 48. Rf3 Re8 49. e6 h5 50. Bf5 Qd6+ 51. Kh1 Rec8 52. Qe1 Rf8 53. Qe3 Rfc8 54.
Qe1 Rf8 55. Qe3 Rfc8 1/2-1/2

[Event "Corsican Circuit Final 2014"]
[Site "Bastia FRA"]
[Date "2014.10.20"]
[Round "2.2"]
[White "Kravtsiv, Martyn"]
[Black "Hou, Yifan"]
[Result "0-1"]
[WhiteTitle "GM"]
[BlackTitle "GM"]
[WhiteElo "2563"]
[BlackElo "2673"]
[WhiteFideId "14113147"]
[BlackFideId "8602980"]
[EventDate "2014.10.19"]

1. e4 c5 2. Nf3 e6 3. d4 cxd4 4. Nxd4 a6 5. Be2 Nf6 6. Nc3 Qc7 7. O-O d6 8. f4
Be7 9. Kh1 O-O 10. Be3 b5 11. e5 dxe5 12. fxe5 Nfd7 13. Bd3 Bb7 14. Nxe6 fxe6
15. Qh5 Rf5 16. Bxf5 exf5 17. Qe8+ Nf8 18. Rxf5 Nc6 19. Qf7+ Kh8 20. Nd5 Qd8 21.
e6 Ng6 22. Bb6 Qg8 23. Raf1 Bc8 24. Bd4 Bxe6 25. Bxg7+ Qxg7 26. Qxe6 Nd4 27. Qe4
Nxf5 28. Nxe7 Re8 29. Qxf5 Qxe7 30. Qd3 Qe5 31. b3 Rg8 32. Qd2 Nh4 33. Re1 Qf6
34. Rg1 Rxg2 35. Qd5 Rxg1+ 36. Kxg1 Qg6+ 37. Kh1 Nf5 38. Qe5+ Kg8 39. a4 bxa4
40. bxa4 Qc6+ 41. Kg1 Qg6+ 42. Kf2 Ng7 43. Qb8+ Kf7 44. Qb7+ Kf8 45. Qa8+ Ne8
46. Ke3 Qh6+ 47. Kd3 Qh3+ 48. Kd4 Qd7+ 49. Kc3 Qxa4 50. Qf3+ Kg7 51. Qg3+ Kf7
52. Qf3+ Nf6 53. Qb7+ Kg6 54. Kb2 Qb5+ 0-1

[Event "Corsican Circuit Final 2014"]
[Site "Bastia FRA"]
[Date "2014.10.20"]
[Round "2.2"]
[White "Ruck, Robert"]
[Black "Saric, Ivan"]
[Result "1-0"]
[WhiteTitle "GM"]
[BlackTitle "GM"]
[WhiteElo "2568"]
[BlackElo "2678"]
[WhiteFideId "705713"]
[BlackFideId "14508150"]
[EventDate "2014.10.19"]

1. Nf3 d5 2. d4 Nf6 3. c4 e6 4. Nc3 Bb4 5. Bg5 Nbd7 6. cxd5 exd5 7. Qc2 h6 8.
Bh4 g5 9. Bg3 Ne4 10. Nd2 Nxg3 11. hxg3 c6 12. a3 Ba5 13. e4 dxe4 14. Ndxe4 Nf6
15. b4 Bb6 16. O-O-O Nxe4 17. Qxe4+ Qe7 18. Bc4 Bd7 19. Rhe1 Qxe4 20. Nxe4 Kf8
21. Nd6 a5 22. Nxf7 Rh7 23. Ne5 Be8 24. Kb2 axb4 25. axb4 h5 26. Rd3 Rh6 27. f4
gxf4 28. gxf4 Rd8 29. Kc3 Rf6 30. Re4 Bg6 31. Nxg6+ Rxg6 32. g3 Re8 33. Re5 Rxe5
34. dxe5 Bf2 35. Rd8+ Ke7 36. Rb8 Bxg3 37. Rxb7+ Kd8 38. Bf7 Rg7 39. e6 Bh4 40.
Rd7+ Kc8 41. e7 Bxe7 42. Rxe7 Rg3+ 43. Kc4 h4 44. Be6+ Kd8 45. Rh7 Re3 46. f5 h3
47. Kc5 1-0

[Event "Corsican Circuit Final 2014"]
[Site "Bastia FRA"]
[Date "2014.10.20"]
[Round "2.3"]
[White "Kravtsiv, Martyn"]
[Black "Hou, Yifan"]
[Result "0-1"]
[WhiteTitle "GM"]
[BlackTitle "GM"]
[WhiteElo "2563"]
[BlackElo "2673"]
[WhiteFideId "14113147"]
[BlackFideId "8602980"]
[EventDate "2014.10.19"]

1. e4 c5 2. Nf3 e6 3. g3 Nf6 4. e5 Nd5 5. Nc3 Nxc3 6. dxc3 d5 7. exd6 Bxd6 8.
Bg2 O-O 9. O-O h6 10. Nd2 Be7 11. Nc4 Nd7 12. Bf4 Nf6 13. Bd6 Bxd6 14. Qxd6 Qxd6
15. Nxd6 Rb8 16. Rfd1 Rd8 17. c4 Kf8 18. Rd3 Ke7 19. Rad1 Rd7 20. b3 b6 21. f4
a6 22. h3 Rc7 23. g4 g5 24. fxg5 hxg5 25. Kf2 Bd7 26. Kg3 Bc6 27. Re3 Bxg2 28.
Kxg2 Kf8 29. Rf1 Rd8 30. Rxf6 Rxd6 31. Kf3 Kg7 0-1

[Event "Corsican Circuit Final 2014"]
[Site "Bastia FRA"]
[Date "2014.10.20"]
[Round "2.3"]
[White "Balogh, Csaba"]
[Black "Fedorchuk, Sergey A."]
[Result "1/2-1/2"]
[WhiteTitle "GM"]
[BlackTitle "GM"]
[WhiteElo "2660"]
[BlackElo "2673"]
[WhiteFideId "718939"]
[BlackFideId "14102536"]
[EventDate "2014.10.19"]

1. e4 e6 2. d4 d5 3. Nc3 Bb4 4. e5 c5 5. a3 Bxc3+ 6. bxc3 Ne7 7. Nf3 b6 8. a4
Ba6 9. Bb5+ Bxb5 10. axb5 Qc8 11. O-O a5 12. bxa6 Rxa6 13. Rb1 O-O 14. h4 h6 15.
h5 Nd7 16. Re1 cxd4 17. cxd4 Ra2 18. Rb2 Ra1 19. Nh4 Kh8 20. Rb3 Qc6 21. Rg3 Nf5
22. Nxf5 exf5 23. Qd3 f4 24. Rg4 Rc8 25. Qf5 Qe6 26. Qxf4 Rxc2 27. Rg3 Rc8 28.
Kh2 b5 29. Bd2 Rxe1 30. Bxe1 Nb8 31. Rf3 Nc6 32. Rb3 b4 33. Rb2 Rb8 34. Bd2 b3
35. Bc3 Kg8 36. Qf3 Ne7 37. Bd2 Qf5 38. Kg3 Qxf3+ 39. Kxf3 Nf5 40. Bc3 Kf8 41.
Ke2 Ke8 42. Kd3 Kd7 43. Bd2 Ke6 44. g4 Ne7 45. f4 f5 46. g5 Nc6 47. Bc3 Rb5 48.
Rb1 Rb8 49. Rg1 hxg5 50. fxg5 Rh8 51. Rh1 f4 52. h6 gxh6 53. Rxh6+ Rxh6 54. gxh6
Kf7 55. Ke2 Kg6 56. Kf3 Kxh6 57. Kxf4 Kg6 58. Ke3 Kf5 59. Kd3 Nd8 60. Bb2 Ne6
61. Ba1 Kf4 62. Kc3 Ke4 63. Kxb3 Kf5 64. Kb4 Nd8 65. Kc5 Ke6 66. Kb6 Nf7 67. Bc3
Ng5 68. Bb2 Nf3 69. Kc6 Nd2 70. Bc3 Ne4 71. Bb4 Ng5 72. Bc5 Nf3 73. Bb6 Ng5 74.
Bc5 Nf3 75. Bb6 Ng5 76. Bc5 Nf3 77. Bb6 1/2-1/2

[Event "Corsican Circuit Final 2014"]
[Site "Bastia FRA"]
[Date "2014.10.20"]
[Round "2.4"]
[White "Fedorchuk, Sergey A."]
[Black "Balogh, Csaba"]
[Result "1-0"]
[WhiteTitle "GM"]
[BlackTitle "GM"]
[WhiteElo "2673"]
[BlackElo "2660"]
[WhiteFideId "14102536"]
[BlackFideId "718939"]
[EventDate "2014.10.19"]

1. e4 c5 2. Nf3 e6 3. d4 cxd4 4. Nxd4 a6 5. Nc3 b5 6. Bd3 Bb7 7. O-O Nc6 8. Nxc6
Bxc6 9. a4 b4 10. Nb1 Bc5 11. Qe2 Ne7 12. Be3 Qb6 13. Bxc5 Qxc5 14. Nd2 Ng6 15.
g3 h5 16. Nc4 h4 17. Qe3 Qh5 18. Be2 Qh7 19. g4 e5 20. Qc5 f6 21. Nd6+ Kd8 22.
Nf7+ Kc7 23. Qa5+ Kb7 24. Nd6+ Ka7 25. Qc7+ 1-0

[Event "Corsican Circuit Final 2014"]
[Site "Bastia FRA"]
[Date "2014.10.20"]
[Round "2.4"]
[White "Hou, Yifan"]
[Black "Kravtsiv, Martyn"]
[Result "1-0"]
[WhiteTitle "GM"]
[BlackTitle "GM"]
[WhiteElo "2673"]
[BlackElo "2563"]
[WhiteFideId "8602980"]
[BlackFideId "14113147"]
[EventDate "2014.10.19"]

1. c4 e6 2. g3 d5 3. Bg2 Nf6 4. Nf3 Be7 5. d4 O-O 6. Nc3 c6 7. O-O Nbd7 8. Qd3
dxc4 9. Qxc4 Nb6 10. Qb3 c5 11. Rd1 c4 12. Qc2 Nfd5 13. e4 Nb4 14. Qe2 Bd7 15.
Be3 Rc8 16. a3 Nc6 17. d5 exd5 18. Bxb6 axb6 19. Rxd5 Qe8 20. Rad1 Be6 21. R5d2
Bc5 22. Ng5 h6 23. Nxe6 fxe6 24. Qxc4 Ne5 25. Qb3 Ng4 26. Rf1 Nxf2 27. Rfxf2
Rxf2 28. Rxf2 Qf7 29. Nd1 Rd8 30. Bf3 Rd2 31. Kg2 Bxf2 32. Nxf2 Qf6 33. Qe3 Rxb2
34. e5 Qf5 35. Bxb7 Qc2 36. Be4 Qc5 37. Qxc5 bxc5 38. a4 c4 39. Kf3 Ra2 40. Ke3
Rxa4 41. Kd4 Ra2 42. Ng4 h5 43. Ne3 Rxh2 44. Kxc4 Rh3 45. Nf1 h4 46. Bg2 Rxg3
47. Nxg3 hxg3 48. Kd4 Kf7 49. Ke4 g5 50. Kf3 Kg6 51. Kg4 Kh6 52. Kxg3 Kg6 53.
Kg4 Kh6 54. Be4 Kg7 55. Kxg5 1-0

[Event "Corsican Circuit Final 2014"]
[Site "Bastia FRA"]
[Date "2014.10.20"]
[Round "3.1"]
[White "Hou, Yifan"]
[Black "Ruck, Robert"]
[Result "1-0"]
[WhiteTitle "GM"]
[BlackTitle "GM"]
[WhiteElo "2673"]
[BlackElo "2568"]
[WhiteFideId "8602980"]
[BlackFideId "705713"]
[EventDate "2014.10.19"]

1. e4 c6 2. d3 e5 3. Nf3 d6 4. g3 Nf6 5. Bg2 g6 6. O-O Bg7 7. Re1 O-O 8. d4 Nbd7
9. c4 Re8 10. Nc3 a6 11. h3 Bf8 12. b3 b5 13. c5 Bb7 14. cxd6 Bxd6 15. Bb2 c5
16. d5 Nb6 17. Nd2 Rc8 18. a3 c4 19. b4 Rc7 20. Rf1 Nh5 21. Kh2 Bc8 22. Qe2 Rce7
23. Qe3 Qc7 24. Rac1 Bd7 25. Ne2 f6 26. Kh1 Na4 27. Ba1 Qb6 28. Qf3 Rf8 29. Nc3
Nxc3 30. Bxc3 Qa7 31. Qe2 Qb6 32. Kh2 Qa7 33. Ra1 Rc8 34. Rfc1 Qb6 35. a4 Rf8
36. axb5 axb5 37. Rf1 Bc8 38. Qe3 Qxe3 39. fxe3 Ng7 40. Ra5 Bd7 41. Ra6 Ne8 42.
Rfa1 Bb8 43. Rb6 Nd6 44. Raa6 Nf7 45. Rxf6 Kg7 46. Rf1 Bd6 47. Rxf7+ Rfxf7 48.
Rxd6 Rf2 49. Nf3 Rc2 50. Bxe5+ Kf8 51. Bf6 Rxe4 52. Rxd7 Rxe3 53. Ng5 Ree2 54.
Ne6+ Kg8 55. Rd8+ Kf7 56. Rf8# 1-0

[Event "Corsican Circuit Final 2014"]
[Site "Bastia FRA"]
[Date "2014.10.20"]
[Round "3.2"]
[White "Fedorchuk, Sergey A."]
[Black "Anand, Viswanathan"]
[Result "1/2-1/2"]
[WhiteTitle "GM"]
[BlackTitle "GM"]
[WhiteElo "2673"]
[BlackElo "2785"]
[WhiteFideId "14102536"]
[BlackFideId "5000017"]
[EventDate "2014.10.19"]

1. e4 c5 2. Nf3 e6 3. d4 cxd4 4. Nxd4 a6 5. Be2 Nf6 6. Nc3 Qc7 7. O-O Bc5 8. Be3
d6 9. Qd3 Nbd7 10. Nb3 Bxe3 11. Qxe3 b5 12. Qd4 Rb8 13. a3 e5 14. Qd2 Nb6 15.
Bxb5+ axb5 16. Nxb5 Qc6 17. Nxd6+ Ke7 18. Rad1 Rd8 19. Na5 Qxd6 20. Qb4 Nbd5 21.
Nc6+ Ke8 22. Qxd6 Rxd6 23. Nxb8 Rb6 24. exd5 Rxb8 25. b3 Bf5 26. Rd2 Kd7 27. f3
Kd6 28. Rc1 e4 29. b4 Ke5 30. c4 g5 31. d6 g4 32. fxe4 Be6 33. c5 Nxe4 34. Re1
Bd7 35. b5 Rxb5 36. c6 Bxc6 37. d7 Bxd7 38. Rxd7 f5 39. Rxh7 Ra5 40. Re7+ Kf4
41. Rf1+ Kg5 42. Re1 Rxa3 43. R7xe4 fxe4 44. Rxe4 1/2-1/2

[Event "Corsican Circuit Final 2014"]
[Site "Bastia FRA"]
[Date "2014.10.20"]
[Round "3.2"]
[White "Ruck, Robert"]
[Black "Hou, Yifan"]
[Result "1-0"]
[WhiteTitle "GM"]
[BlackTitle "GM"]
[WhiteElo "2568"]
[BlackElo "2673"]
[WhiteFideId "705713"]
[BlackFideId "8602980"]
[EventDate "2014.10.19"]

1. Nf3 Nf6 2. c4 e6 3. Nc3 d5 4. d4 Bb4 5. Bg5 h6 6. Bxf6 Qxf6 7. e3 O-O 8. Rc1
dxc4 9. Bxc4 c5 10. O-O cxd4 11. Ne4 Qe7 12. exd4 Rd8 13. Qe2 Nc6 14. Rfd1 Ba5
15. Bb5 Bd7 16. Nc5 Be8 17. d5 Rxd5 18. Rxd5 exd5 19. Qxe7 Nxe7 20. Nxb7 Bb6 21.
Nd6 Bxb5 22. Nxb5 Nf5 23. Kf1 h5 24. Rd1 Rd8 25. Nc3 Ne7 26. Ne5 Ba5 27. Na4 Rc8
28. Nd3 Rc4 29. Nac5 Bb6 30. Nb3 f6 31. Nd2 Rc2 32. Nf3 g6 33. Nfe1 Rc4 34. b3
Re4 35. Nc2 Kf7 36. g3 g5 37. Ndb4 Re5 38. Ne1 Ba5 39. Nbd3 Re6 40. Nc2 Bb6 41.
Ndb4 Re5 42. Nd3 Re6 43. Ncb4 Ba5 44. Rc1 Bb6 45. Nc5 Rd6 46. Na4 Ke6 47. Ke2
Kd7 48. Nxb6+ axb6 49. Kd3 Re6 50. Nc2 Nc6 51. Rd1 Ne5+ 52. Kc3 Rc6+ 53. Kb2 Rc5
54. b4 Rc8 55. Rxd5+ Ke6 56. Rb5 Nc4+ 57. Kb3 Nd2+ 58. Kb2 Nc4+ 59. Ka1 Rd8 60.
a4 Rd2 61. Ne3 Nxe3 62. fxe3 Rxh2 63. Rxb6+ Kd7 64. a5 h4 65. gxh4 Rxh4 66. a6
Kc7 67. Rb7+ Kc8 68. b5 Rb4 69. Ka2 g4 70. Ka3 Rb1 71. Ka4 f5 72. Rg7 Kb8 73.
Ka5 Rb3 74. b6 Ra3+ 75. Kb5 Rb3+ 76. Kc5 Rc3+ 77. Kd4 1-0

[Event "Corsican Circuit Final 2014"]
[Site "Bastia FRA"]
[Date "2014.10.20"]
[Round "3.3"]
[White "Ruck, Robert"]
[Black "Hou, Yifan"]
[Result "1-0"]
[WhiteTitle "GM"]
[BlackTitle "GM"]
[WhiteElo "2568"]
[BlackElo "2673"]
[WhiteFideId "705713"]
[BlackFideId "8602980"]
[EventDate "2014.10.19"]

1. Nf3 c5 2. c4 g6 3. e4 Nc6 4. d4 cxd4 5. Nxd4 Nf6 6. Nc3 d6 7. Be2 Nxd4 8.
Qxd4 Bg7 9. Be3 O-O 10. Qd2 a5 11. O-O a4 12. Bd4 Be6 13. Rad1 Qa5 14. Nd5 Bxd5
15. Qxa5 Rxa5 16. exd5 Nd7 17. Bxg7 Kxg7 18. Rfe1 Nc5 19. Bd3 Re8 20. Re3 Ra6
21. Bc2 Rb6 22. b3 axb3 23. axb3 Rb4 24. Kf1 h5 25. Ke2 Ra8 26. Kd2 Kf8 27. Kc3
Rb6 28. Rde1 Ra3 29. Kb2 Ra4 30. Kc3 Ra3 31. Kb2 Ra4 32. Kc3 Rab4 33. Rxe7 Kg7
34. Rb1 1-0

[Event "Corsican Circuit Final 2014"]
[Site "Bastia FRA"]
[Date "2014.10.20"]
[Round "3.4"]
[White "Hou, Yifan"]
[Black "Ruck, Robert"]
[Result "1-0"]
[WhiteTitle "GM"]
[BlackTitle "GM"]
[WhiteElo "2673"]
[BlackElo "2568"]
[WhiteFideId "8602980"]
[BlackFideId "705713"]
[EventDate "2014.10.19"]

1. e4 c6 2. d4 d5 3. f3 Qb6 4. Nc3 dxe4 5. fxe4 e5 6. Nf3 exd4 7. Nxd4 Nd7 8.
Be2 Ne5 9. Bf4 Ng6 10. Be3 Qxb2 11. Na4 Qb4+ 12. c3 Qa5 13. O-O Nf6 14. Rb1 Be7
15. Nf5 O-O 16. Nxe7+ Nxe7 17. Bc5 Qc7 18. Bd6 Qd8 19. Nc5 b6 20. e5 Nfd5 21.
Ne4 Ne3 22. Qd3 Nxf1 23. Rxf1 Ng6 24. Qg3 Be6 25. Ng5 Bd5 26. c4 h6 27. cxd5
Qxg5 28. dxc6 Qxg3 29. hxg3 Rfe8 30. Ba6 Nxe5 31. c7 f6 32. Rd1 Nf7 33. Bf4 Ne5
34. Bb7 Re7 35. Bxa8 Rxc7 36. Bd5+ Kf8 37. Bb3 Rc5 38. Rd8+ Ke7 39. Rd1 a5 40.
Be3 Rc6 41. Ba4 Rc4 42. Bb3 Rc6 43. Rd5 Rc3 44. Bxb6 Ng4 45. Rd1 Rxg3 46. Bc7
Rc3 47. Bxa5 Rc6 48. Bb4+ Ke8 49. Ba4 Ne5 50. Bxc6+ Nxc6 51. Bc3 1-0

[Event "Corsican Circuit Final 2014"]
[Site "Bastia FRA"]
[Date "2014.10.20"]
[Round "3.5"]
[White "Hou, Yifan"]
[Black "Ruck, Robert"]
[Result "1-0"]
[WhiteTitle "GM"]
[BlackTitle "GM"]
[WhiteElo "2673"]
[BlackElo "2568"]
[WhiteFideId "8602980"]
[BlackFideId "705713"]
[EventDate "2014.10.19"]

1. c4 e5 2. Nc3 Nf6 3. Nf3 Nc6 4. e3 Bb4 5. Qc2 Bxc3 6. bxc3 O-O 7. d4 d6 8. Be2
Bg4 9. h3 Bh5 10. g4 Bg6 11. Qb3 Be4 12. Rg1 Re8 13. Bb2 Na5 14. Qa4 c5 15. d5
b6 16. Nd2 Bg6 17. h4 h6 18. Qd1 Ne4 19. h5 Bh7 20. Nf3 Ng5 21. Nh2 Qf6 22. Rg3
Ne4 23. Rg2 Ng5 24. Nf1 Be4 25. Rg3 Bh1 26. f3 e4 27. f4 Nf3+ 28. Kf2 Ne5 29.
Nd2 Nf3 30. Nb3 Ne5 31. Nxa5 bxa5 32. Qxh1 Nd3+ 33. Bxd3 exd3 34. Rd1 Rab8 35.
Ba1 Rb7 36. Rxd3 Reb8 37. Rd1 Qe7 38. g5 hxg5 39. Rxg5 Kh7 40. Rg3 Qf6 41. Qe4+
Kh8 42. Rdg1 Re7 43. Qg2 Rg8 44. Rg5 Qh6 45. Bb2 Qh7 46. Rg6 fxg6 47. hxg6 Qh4+
48. Ke2 Qh5+ 49. Kd2 Rf8 50. Rh1 Rf5 51. Rxh5+ Rxh5 52. Kd3 a4 53. Qg4 1-0

[Event "Corsican Circuit Final 2014"]
[Site "Ajaccio FRA"]
[Date "2014.10.22"]
[Round "4.1"]
[White "Hou, Yifan"]
[Black "Fedorchuk, Sergey A."]
[Result "1-0"]
[WhiteTitle "GM"]
[BlackTitle "GM"]
[WhiteElo "2673"]
[BlackElo "2673"]
[WhiteFideId "8602980"]
[BlackFideId "14102536"]
[EventDate "2014.10.19"]

1. e4 e5 2. Bc4 Nc6 3. d3 Bc5 4. Nc3 d6 5. Na4 Na5 6. Bb3 Nxb3 7. axb3 Ne7 8.
Nf3 Ng6 9. h3 a6 10. Nxc5 dxc5 11. Be3 Qe7 12. O-O O-O 13. Nd2 Be6 14. Kh2 b6
15. Nc4 a5 16. Qd2 Qd7 17. f4 exf4 18. Bxf4 Nxf4 19. Rxf4 a4 20. Raf1 axb3 21.
cxb3 Qd4 22. R4f3 Ra2 23. Qf4 Qd7 24. Rg3 f6 25. Rf2 Kh8 26. Qh4 Qd4 27. Qf4 Ra1
28. Qxc7 Rg8 29. Qf4 b5 30. Nd6 Bxb3 31. Nxb5 Qd7 32. Nd6 Be6 33. e5 fxe5 34.
Qxe5 Ra7 35. Ne4 c4 36. Nc5 Qd5 37. Rg5 Qxe5+ 38. Rxe5 Bf7 39. dxc4 Bxc4 40. b3
Bf7 41. Ref5 Bg6 42. Rf8 h6 43. b4 Ra1 44. Rxg8+ Kxg8 45. Rb2 Rc1 46. Nd7 Be8
47. Ne5 Bb5 48. Kg3 Re1 49. Nf3 Re4 50. Nd2 Re2 51. Kf3 g5 52. Nc4 Re5 53. Nxe5 1-0